Paesi dell'Impero Ottomano - Statistics

Statistiche generali
  • Questo quiz è stato fatto 4.388 volte
  • Il punteggio medio è 29 su 36
Statistiche sulle risposte
% Paese % Corretto
100 Turchia
98%
100 Grecia
94%
35 Egitto
90%
10 Iran
90%
80 Iraq
90%
100 Israele | Palestina
89%
100 Albania
88%
100 Bulgaria
88%
10 Arabia Saudita
87%
100 Romania
87%
100 Serbia
87%
80 Siria
87%
100 Armenia
85%
90 Georgia
84%
10 Libia
84%
100 Macedonia del Nord
84%
< 1 Russia
84%
60 Croazia
82%
100 Kosovo
82%
90 Azerbaijan
81%
100 Libano
81%
10 Algeria
80%
100 Bosnia ed Erzegovina
80%
90 Tunisia
80%
100 Montenegro
79%
40 Ucraina
79%
80 Ungheria
78%
100 Cipro
77%
50 Giordania
77%
100 Moldavia
74%
25 Yemen
71%
100 Kuwait
66%
< 1 Sudan
64%
90 Slovacchia
62%
10 Eritrea
48%
50 Gibuti
35%
Nessun quiz corrispondente trovato
Distribuzione punteggi
Percentuale di utenti per punteggio
Percentile per numero di risposta
I tuoi punteggi nel tempo
Non hai fatto questo quiz